El cazador de libros prohibidos / (Record no. 196346)

MARC details
000 -LEADER
campo de control de longitud fija 02579nam a2200409 i 4500
001 - NÚMERO DE CONTROL
campo de control 196346
003 - IDENTIFICADOR DE NÚMERO DE CONTROL
campo de control ES-MaACL
005 - FECHA Y HORA DE LA ÚLTIMA TRANSACCIÓN
campo de control 20250720063112.0
008 - DATOS DE LONGITUD FIJA--INFORMACIÓN GENERAL
campo de control de longitud fija 240917s2023 sp | |||| 000 f spa
015 ## - NÚMERO DE BIBLIOGRAFÍA NACIONAL
Número de bibliografía nacional MON23
017 ## - NÚMERO DE COPYRIGHT O DE DEPÓSITO LEGAL
Número de copyright o de depósito legal B 1335-2023
Agencia que asigna Oficina Depósito Legal Barcelona
020 ## - NÚMERO INTERNACIONAL ESTÁNDAR DEL LIBRO
Número Internacional Estándar del Libro 9788419620101
035 ## - NÚMERO DE CONTROL DEL SISTEMA
Número de control de sistema (SpMaBN)a7335011
040 ## - FUENTE DE CATALOGACIÓN
Centro catalogador/agencia de origen SpMaBN
Lengua de catalogación spa
Centro/agencia transcriptor SpMaBN
Normas de descripción rda
Centro/agencia modificador ES-MaACL
080 ## - NÚMERO DE LA CLASIFICACIÓN DECIMAL UNIVERSAL
Número de la Clasificación Decimal Universal 821.131.1-31"19"
100 ## - ENTRADA PRINCIPAL--NOMBRE DE PERSONA
Nombre de persona Delizzos, Fabio,
Fechas asociadas al nombre 1969-
9 (RLIN) 238756
Término indicativo de función/relación Autor
240 13 - TÍTULO UNIFORME
Título uniforme Il cacciatore di libro proibiti
Lenguaje de la obra Español
245 13 - MENCIÓN DEL TÍTULO
Título El cazador de libros prohibidos /
Mención de responsabilidad, etc. Fabio Delizzos ; traducción de Juan Carlos Postigo Ríos
250 ## - MENCION DE EDICION
Mención de edición Primera edición: mayo de 2023
264 #1 - PRODUCCIÓN, PUBLICACIÓN, DISTRIBUCIÓN, FABRICACIÓN Y COPYRIGHT
Producción, publicación, distribución, fabricación y copyright Barcelona :
Nombre del de productor, editor, distribuidor, fabricante Newton Compton Editores,
Fecha de producción, publicación, distribución, fabricación o copyright 2023.
264 #4 - PRODUCCIÓN, PUBLICACIÓN, DISTRIBUCIÓN, FABRICACIÓN Y COPYRIGHT
Fecha de producción, publicación, distribución, fabricación o copyright ©2023
300 ## - DESCRIPCIÓN FÍSICA
Extensión 380 páginas ;
Dimensiones 22 cm
336 ## - TIPO DE CONTENIDO
Término de tipo de contenido Texto
Fuente rdacontent
337 ## - TIPO DE MEDIO
Nombre/término del tipo de medio sin mediación
Fuente rdamedia
338 ## - TIPO DE SOPORTE
Nombre/término del tipo de soporte volumen
Fuente rdacarrier
520 ## - RESUMEN, ETC.
Sumario, etc. Pablo IV, el pontífice que publicó el primer Índice de libros prohibidos, exhala su último suspiro. La Ciudad Eterna despierta en medio de una profanación y una brutalidad nunca antes vista mientras asombrosos sucesos sin precedentes tienen lugar en las soberbias calles romanas. Si bien parece que nadie toma consciencia de estos últimos acontecimientos, el cardenal camarlengo encarga a Raphael Dardo, un agente secreto del duque Cosme I de Médici, que dirija una investigación alrededor de estos hechos. Para recuperar su libertad y salvar su vida, Raphael tendrá que resolver el caso antes de que dé comienzo el cónclave que elegirá al nuevo pontífice. Con la ayuda de un brillante alquimista, dos hermosas y astutas cortesanas, e incluso el gran maestro Miguel Ángel, Raphael inicia una búsqueda que lo llevará tras la pista de un libro: el más antiguo, singular, misterioso y peligroso que jamás se haya escrito. Los pocos que saben de su existencia lo llaman Códice de los Milagros, y guardan sus secretos a toda costa...
655 #7 - TERMINO DE INDIZACIÓN--GENERO/FORMA
Datos o término principal de género/forma Novelas de suspense
9 (RLIN) 234410
655 #7 - TERMINO DE INDIZACIÓN--GENERO/FORMA
Datos o término principal de género/forma Novelas históricas
Fuente del término tgfbne
9 (RLIN) 226782
700 1# - ENTRADA AGREGADA--NOMBRE PERSONAL
Nombre de persona Postigo Ríos, Juan Carlos
Término indicativo de función/relación Traductor
9 (RLIN) 238757
852 ## - LOCALIZACIÓN
Ubicación ES-MaACL
Ubicación en estantería Depósito J
Número de control de estantería N-10117
itemnumber 206246
Donativo/Legado Donación: José Lázaro García
Encuadernación Encuadernación cartoné con sobrecubierta
Anotaciones manuscritas "Lázaro 2023"
903 ## - NOMBRE PERSONAL DE DONANTE
9 234219
a Lázaro García, José
e Donante
942 ## - ELEMENTOS DE ENTRADA SECUNDARIOS (KOHA)
Tipo de ítem Koha Libro impreso
Suprimir en OPAC No
Holdings
Estatus retirado Estado de pérdida Fuente del sistema de clasificación o colocación Estado de daño No para préstamo Biblioteca de origen Biblioteca actual Ubicación en estantería Fecha de adquisición Fuente de adquisición Total de préstamos Signatura topográfica completa Código de barras Visto por última vez Precio de reemplazo Tipo de ítem Koha
    Clasificación decimal universal     Biblioteca del Ateneo de Madrid Biblioteca del Ateneo de Madrid Depósito J 18/07/2025 Donación   N-10117 2025-0636 18/07/2025 18/07/2025 Libro impreso